| 000 | 00751cab a22001935a 4500 | ||
|---|---|---|---|
| 001 | L150850 | ||
| 008 | 100908e20100807xxk 000 0 eng d | ||
| 035 | _a(Sirsi) u150850 | ||
| 041 | 0 | _aeng | |
| 100 | 1 | _aEden, N. | |
| 245 | 0 | 0 | _aTake command |
| 260 | _c2010 | ||
| 490 |
_aEstates Gazette _v(1031) 7 August 2010, 54-57(4) |
||
| 520 | _aFirst part of Blundell Lecture gives guidance to valuers on the correct process and methodology to adopt when dealing with instructions relating to damages and dilapidations. Includes information about the need for valuation, assessment of diminution of value and the bases of valuation. | ||
| 590 | _aKA | ||
| 651 | 4 |
_aUnited Kingdom _y |
|
| 690 | _aPROPERTY-PROPERTY APPRAISAL AND VALUATION | ||
| 942 | _n0 | ||
| 999 |
_c82651 _d82651 |
||